000 00609nam a2200181Ia 4500
008 090124s9999 xx 000 0 und d
082 _b101471
100 _aदेशपांडे श्री.गो. (श्रीधर गोपाळ)
245 _a सहारा
250 _a1
260 _c1937
300 _a149
600 _aदेशपांडे श्री.गो. (श्रीधर गोपाळ)
630 _a सहारा
700 _aदेशपांडे श्री.गो. (श्रीधर गोपाळ)
730 _a सहारा
942 _cBOOK
999 _c147563
_d147563